000 01679nam a2200397 i 4500
001 120467
003 FlNmELB
005 20241217175247.0
006 m o d |
007 cr cnu||||||||
008 140901s2013 flu ob 000 0 spa d
035 _a(OCoLC)992040984
040 _aFINmELB
_bspa
_erda
_cFINmELB
050 4 _aHN350.Z12
_bP429 2013
080 _a323(85)
082 0 _a303.60988
_223
110 2 _aPerú, Comisión de la verdad y reconciliación.
245 1 0 _aComisión de la verdad y reconciliación.
_nanexo 2,
_p℗·cuántos peruanos murieron? :
_bestimación del total de víctimas causadas por el conflicto armado interno entre 1980 y el 2000 /
_cComisión de la verdad y reconciliación del Perú.
264 1 _aMiami :
_bEl Cid Editor / apuntes,
_c2013.
300 _a1 recurso en línea (55 páginas)
336 _atexto
_btxt
_2rdacontent/spa
337 _acomputadora
_bc
_2rdamedia/spa
338 _arecurso en línea
_bcr
_2rdacarrier/spa
504 _aContiene bibliografía.
588 _aDescripción basada en recurso en línea; Título de la página del título en PDF (e-libro, visto August 1, 2014).
590 _aRecurso electrónico. Santa Fe, Arg.: e-libro, 2015. Disponible vía World Wide Web. El acceso puede estar limitado para las bibliotecas afiliadas a e-libro.
650 0 _aPolitical violence
_zPeru.
650 0 _aSocial movements
_zPeru.
650 4 _aPolítica.
650 4 _aGobierno.
651 0 _aPeru
_xPolitics and government
_y1978-2003.
651 4 _aPerú.
655 4 _aLibros electrónicos.
797 2 _ae-libro, Corp.
856 4 0 _uhttps://elibro.net/ereader/politecnicointernacional/30541
999 _c120467
_d120467